000 00715nam a2200241Ia 4500
003 OSt
005 20220918193009.0
006 a|||||r|||| 00| 0
007 ta
008 220917b |||||||| |||| 00| 0 eng d
024 _a71,428
037 _cTextual
040 _aARTS
_cARTS
_beng
041 _2eng
_aeng
082 _aR3xM89:g, N2
100 _aNicholson G
_980812
245 0 _aIllustrations of being
_b Drawing upon Heidegger and upon metaphysics
260 _aN Jersey
_b Humanities Press
_c1992
300 _axiii, 293p.
_ccm.
490 _aContenmporary studies in philosophy and the Human sciences
942 _hR3xM89:g, N2
_cTEXL
_2CC
999 _c197501
_d197501